[Event "Outaouais-ch"]
[Site "Gatineau CAN"]
[Date "2023.05.16"]
[Round "8"]
[White "Thompson, Francis"]
[Black "Latreille, Etienne"]
[Result "0-1"]
[WhiteElo "1765"]
[BlackElo "2073"]
[PlyCount "134"]
[EventDate "2023.03.28"]
[EventType "tourn"]
[EventRounds "7"]
[EventCountry "CAN"]
[TimeControl "90+30"]

1. Nf3 d5 2. c4 c6 3. e3 Nf6 4. b3 Bf5 5. Bb2 e6 6. Nc3 h6 7. Be2 Nbd7 8. d4
Bd6 9. O-O O-O 10. h3 a5 11. Nd2 Re8 12. f4 Bb4 13. a3 Bxc3 14. Bxc3 Ne4 15.
Nxe4 Bxe4 16. Be1 Qf6 17. Ra2 Nb6 18. c5 Nd7 19. Kh2 b6 20. Qc1 bxc5 21. dxc5
Qe7 22. b4 axb4 23. Bxb4 Reb8 24. Rb2 f5 25. Rg1 Rf8 26. Bc3 Qxc5 27. Rb7 Qd6
28. g4 Rf7 29. gxf5 Bxf5 30. Bh5 Re7 31. Qb2 e5 32. fxe5 Qe6 33. Qg2 Kh7 34.
Bb4 c5 35. Rxd7 Qxe5+ 36. Qg3 Qxg3+ 37. Rxg3 Rxd7 38. Bxc5 Be4 39. Rg1 Rc7 40.
Bb4 Rc2+ 41. Kg3 g6 42. Bg4 h5 43. Bd7 Ra7 44. Be6 Rc6 45. Bg4 hxg4 46. hxg4 g5
47. Rf1 Rcc7 48. Rf2 Rf7 49. Rh2+ Kg6 50. Rh8 Rf3+ 51. Kh2 Rh7+ 52. Rxh7 Kxh7
53. Bc5 Rf2+ 54. Kg3 Rc2 55. Bd4 Kg6 56. Kh3 Ra2 57. Bc5 Kf7 58. Kg3 Ke6 59.
Kh3 Bh1 60. Kg3 Ke5 61. Be7 Ke4 62. Bxg5 Rxa3 63. Kh2 Bf3 64. Kg3 Rxe3 65. Bxe3
Kxe3 66. g5 d4 67. g6 Bd5 0-1

[Event "Outaouais-ch Reserve"]
[Site "Gatineau CAN"]
[Date "2023.03.28"]
[Round "1"]
[White "Arvisais, Eric"]
[Black "Pestieau, Gabriel"]
[Result "1-0"]
[WhiteElo "1204"]
[BlackElo "1582"]
[PlyCount "71"]
[EventDate "2023.03.28"]
[EventType "swiss"]
[EventRounds "7"]
[EventCountry "CAN"]
[TimeControl "90+30"]

1. d4 Nf6 2. c4 g6 3. Nc3 d5 4. Bg5 c6 5. Bxf6 exf6 6. Nf3 Bg7 7. e4 dxe4 8.
Nxe4 Qe7 9. Qe2 O-O 10. Nc3 Qd8 11. Qd2 Bg4 12. Qf4 Re8+ 13. Be2 Bxf3 14. gxf3
Qb6 15. O-O-O a5 16. c5 Qb4 17. a3 Qb3 18. Rd3 f5 19. Bd1 Qc4 20. Re3 Nd7 21.
Rhe1 Re6 22. Rxe6 fxe6 23. Qc7 Qxd4 24. Rxe6 Nxc5 25. Re7 Bh6+ 26. Kb1 Qd3+ 27.
Bc2 Qf1+ 28. Nd1 Na6 29. Qxb7 Rd8 30. Bb3+ Rd5 31. Re8+ Bf8 32. Qxc6 Qd3+ 33.
Ka2 Kf7 34. Bxd5+ Qxd5+ 35. Qxd5+ Kxe8 36. Qc6+ 1-0

[Event "Outaouais-ch Reserve"]
[Site "Gatineau CAN"]
[Date "2023.03.28"]
[Round "1"]
[White "Bolduc, Christian"]
[Black "Lecorre, Joel"]
[Result "0-1"]
[WhiteElo "1225"]
[BlackElo "1589"]
[PlyCount "82"]
[EventDate "2023.03.28"]
[EventType "swiss"]
[EventRounds "7"]
[EventCountry "CAN"]

1. e4 e6 2. d4 d5 3. exd5 exd5 4. Nc3 Nc6 5. Nf3 Nf6 6. Bb5 Bd7 7. O-O Be7 8.
a3 O-O 9. Ba4 h6 10. Bb3 Bg4 11. Be3 Na5 12. Ba2 c6 13. h3 Bh5 14. b4 Nc4 15.
Bxc4 dxc4 16. g3 Nd5 17. Nxd5 cxd5 18. c3 a5 19. Kg2 axb4 20. cxb4 Qb6 21. Bd2
Bxf3+ 22. Qxf3 Qxd4 23. Bc3 Qe4 24. Rfe1 Qxf3+ 25. Kxf3 Bf6 26. Bxf6 gxf6 27.
Red1 Rfd8 28. g4 b5 29. Kg3 d4 30. f4 d3 31. h4 c3 32. g5 fxg5 33. hxg5 hxg5
34. fxg5 d2 35. Ra2 Rd3+ 36. Kg4 Re8 37. Rc2 Re1 38. Rdxd2 cxd2 39. Rc8+ Kg7
40. Rc7 d1=Q+ 41. Kf5 Qf3# 0-1

[Event "Outaouais-ch Reserve"]
[Site "Gatineau CAN"]
[Date "2023.03.28"]
[Round "1"]
[White "Brault, Jean-Francois"]
[Black "Gagne, Learry"]
[Result "1-0"]
[WhiteElo "1558"]
[BlackElo "1182"]
[PlyCount "71"]
[EventDate "2023.03.28"]
[EventType "swiss"]
[EventRounds "7"]
[EventCountry "CAN"]

1. Nf3 d5 2. c4 Nf6 3. cxd5 Nxd5 4. Nc3 Nxc3 5. bxc3 Nc6 6. d4 e6 7. Bf4 Bd6 8.
Bg3 O-O 9. e3 Ne7 10. Bd3 b6 11. Qc2 h6 12. Be4 c6 13. O-O Bb7 14. Ne5 Qc7 15.
Nd3 Bxg3 16. hxg3 Nc8 17. c4 Nd6 18. Nf4 a5 19. Bd3 Rfe8 20. c5 bxc5 21. Qxc5
Ba6 22. Rfc1 Bxd3 23. Nxd3 Ra6 24. Rc2 Rd8 25. Rac1 Ne4 26. Qe5 Qxe5 27. Nxe5
c5 28. dxc5 Rd2 29. f3 Rxc2 30. Rxc2 Nxg3 31. c6 Ra8 32. c7 Rc8 33. Nd7 Nf5 34.
Nb6 Ne7 35. Nxc8 Nxc8 36. Rb2 1-0

[Event "Outaouais-ch Reserve"]
[Site "Gatineau CAN"]
[Date "2023.03.28"]
[Round "1"]
[White "Chacon, Jose"]
[Black "Roy, Dominique"]
[Result "1-0"]
[WhiteElo "1585"]
[BlackElo "1213"]
[PlyCount "63"]
[EventDate "2023.03.28"]
[EventType "swiss"]
[EventRounds "7"]
[EventCountry "CAN"]
[TimeControl "90+30"]

1. e4 e5 2. Bc4 Nf6 3. Nf3 Nc6 4. d4 Bd6 5. O-O a6 6. a4 Qe7 7. Re1 Na5 8. Ba2
b6 9. Bg5 h6 10. Bh4 Bb7 11. Nc3 O-O-O 12. Nd5 g5 13. Nxe7+ Bxe7 14. Bg3 Bb4
15. c3 Be7 16. Nxe5 Rh7 17. Nxf7 Rf8 18. Ne5 Nxe4 19. Qc2 d5 20. f3 Nf6 21. b4
Nc4 22. Nxc4 dxc4 23. Bxc4 Rg7 24. Qd3 h5 25. Bxa6 Bd6 26. Bxd6 cxd6 27. Bxb7+
Kxb7 28. Re6 Rd8 29. a5 Nd5 30. Qe4 Kc6 31. c4 Kd7 32. Qxd5 1-0

[Event "Outaouais-ch Reserve"]
[Site "Gatineau CAN"]
[Date "2023.03.28"]
[Round "1"]
[White "Chartrand, Alexis"]
[Black "Filion, Yves"]
[Result "0-1"]
[WhiteElo "1158"]
[BlackElo "1540"]
[PlyCount "49"]
[EventDate "2023.03.28"]
[EventType "swiss"]
[EventRounds "7"]
[EventCountry "CAN"]
[TimeControl "90+30"]

1. d4 g6 2. e4 Bg7 3. Nf3 d6 4. Nc3 Nf6 5. Bg5 Nbd7 6. e5 dxe5 7. dxe5 Ng4 8.
Qd4 Ngxe5 9. Nxe5 Bxe5 10. Qb4 c5 11. Qa3 b6 12. O-O-O Bb7 13. f3 Qc7 14. Bb5
Bd6 15. Rhe1 h6 16. Bxd7+ Qxd7 17. Rxd6 Qxd6 18. Rxe7+ Kf8 19. Qb3 Rh7 20.
Rxf7+ Rxf7 21. Bxh6+ Kg8 22. Ne4 Bxe4 23. fxe4 Rd8 24. c3 Rdd7 25. Qc2 0-1

[Event "Outaouais-ch Reserve"]
[Site "Gatineau CAN"]
[Date "2023.03.28"]
[Round "1"]
[White "Cotillard, Tristan"]
[Black "Vachon, Jean-Clement"]
[Result "1/2-1/2"]
[WhiteElo "1632"]
[BlackElo "1265"]
[PlyCount "80"]
[EventDate "2023.03.28"]
[EventType "swiss"]
[EventRounds "7"]
[EventCountry "CAN"]

1. e4 d5 2. exd5 Qxd5 3. Nc3 Qa5 4. d4 Nf6 5. Bd2 c6 6. Nf3 Bf5 7. Bc4 e6 8.
O-O Nbd7 9. Ne2 Qc7 10. Bf4 Bd6 11. Bxd6 Qxd6 12. c3 Nb6 13. Ne5 Nxc4 14. Nxc4
Qc7 15. Ng3 Bg6 16. Ne5 O-O 17. f4 Nd5 18. Qe2 Rfe8 19. Rae1 Re7 20. Qg4 Qb6
21. Rf2 c5 22. f5 exf5 23. Nxf5 Bxf5 24. Rxf5 cxd4 25. cxd4 f6 26. Qf3 Qxd4+
27. Kh1 Rxe5 28. Rfxe5 fxe5 29. Rd1 Qc4 30. Qxd5+ Qxd5 31. Rxd5 Re8 32. Kg1 Re7
33. Kf2 Kf7 34. Ke3 Kf6 35. Ke4 a6 36. h4 h5 37. Rd6+ Kf7 38. a4 Re6 39. Rd7+
Re7 40. Rd6 Re6 1/2-1/2

[Event "Outaouais-ch Reserve"]
[Site "Gatineau CAN"]
[Date "2023.03.28"]
[Round "1"]
[White "Deschenes, Ryan"]
[Black "Filion, Samuel"]
[Result "0-1"]
[WhiteElo "888"]
[BlackElo "1492"]
[PlyCount "52"]
[EventDate "2023.03.28"]
[EventType "swiss"]
[EventRounds "7"]
[EventCountry "CAN"]

1. d3 d5 2. Nf3 Nf6 3. Bf4 Bf5 4. h3 e6 5. g4 Bg6 6. h4 Nxg4 7. Bh3 Nf6 8. Ne5
Nbd7 9. Nxg6 hxg6 10. Bg5 Be7 11. Qd2 Nh7 12. f4 Nxg5 13. fxg5 Rxh4 14. Nc3
Bxg5 15. e3 d4 16. Nd1 Qf6 17. Rf1 dxe3 18. Nxe3 Qxb2 19. Kf2 Bxe3+ 20. Qxe3
Qxc2+ 21. Kg3 Rh6 22. Rab1 Qc6 23. Bg2 Qd6+ 24. Kg4 Ne5+ 25. Kg5 f6+ 26. Rxf6
Rh5+ 0-1

[Event "Outaouais-ch Reserve"]
[Site "Gatineau CAN"]
[Date "2023.03.28"]
[Round "1"]
[White "Deschenes, Stephane"]
[Black "Labelle, Raymond"]
[Result "0-1"]
[WhiteElo "1118"]
[BlackElo "1533"]
[PlyCount "94"]
[EventDate "2023.03.28"]
[EventType "swiss"]
[EventRounds "7"]
[EventCountry "CAN"]

1. e3 e5 2. Nc3 d5 3. d4 e4 4. g3 Nf6 5. f3 exf3 6. Nxf3 Bg4 7. Bg2 c6 8. Qd3
Bd6 9. Bd2 O-O 10. O-O Re8 11. Rae1 Ne4 12. Nxe4 dxe4 13. Qc4 exf3 14. Bxf3 Be6
15. Qe2 Nd7 16. a3 Nf6 17. c4 Bh3 18. Rf2 Ne4 19. Bxe4 Rxe4 20. Qf3 Qe7 21. c5
Bc7 22. Qh5 Bg4 23. Qh4 g5 24. Qh6 Re6 25. Rf6 Qxf6 26. Qxf6 Rxf6 27. e4 Rd8
28. Bxg5 Rg6 29. Bxd8 Bxd8 30. d5 cxd5 31. exd5 Rg5 32. Re8+ Kg7 33. Rxd8 Kf6
34. c6 bxc6 35. dxc6 Rc5 36. Rd6+ Ke5 37. b4 Kxd6 38. bxc5+ Kxc6 39. Kf2 Kxc5
40. Ke3 Kc4 41. Kf4 h5 42. Kg5 Kb3 43. Kf6 Kxa3 44. Kxf7 a5 45. Kf6 a4 46. Ke5
Kb2 47. Kd4 a3 0-1

[Event "Outaouais-ch Reserve"]
[Site "Gatineau CAN"]
[Date "2023.03.28"]
[Round "1"]
[White "Elsayed, Ahmed"]
[Black "Medeiros, Joshua"]
[Result "0-1"]
[WhiteElo "2029"]
[BlackElo "1399"]
[PlyCount "72"]
[EventDate "2023.03.28"]
[EventType "swiss"]
[EventRounds "7"]
[EventCountry "CAN"]

1. e4 e5 2. Nf3 d5 3. d3 dxe4 4. Nxe5 exd3 5. Nxd3 Nf6 6. Nc3 Be7 7. Be2 O-O 8.
O-O Nc6 9. Re1 Nd4 10. Be3 Nxe2+ 11. Qxe2 Bd6 12. h3 Bd7 13. Rad1 Qc8 14. Bc5
Re8 15. Qf1 Bxc5 16. Nxc5 Bc6 17. Nb3 b6 18. Qc4 Qb7 19. Rxe8+ Rxe8 20. f3 b5
21. Qd3 b4 22. Na5 Qb6+ 23. Kh1 Qxa5 24. Ne4 Bxe4 25. fxe4 Qe5 26. Re1 h5 27.
Qc4 a5 28. b3 g6 29. Qc6 Kg7 30. Rf1 Nxe4 31. Kg1 Nc3 32. Kh1 Re7 33. Ra1 Ne2
34. Rd1 Ng3+ 35. Kh2 Nf1+ 36. Kh1 Qh2# 0-1

[Event "Outaouais-ch Reserve"]
[Site "Gatineau CAN"]
[Date "2023.03.28"]
[Round "1"]
[White "Laflamme, Mathieu"]
[Black "MacIsaac, Alexandre"]
[Result "1/2-1/2"]
[WhiteElo "1340"]
[BlackElo "1696"]
[PlyCount "52"]
[EventDate "2023.03.28"]
[EventType "swiss"]
[EventRounds "7"]
[EventCountry "CAN"]

1. d4 Nf6 2. c4 e6 3. Nc3 Bb4 4. Nf3 b6 5. Bg5 Bb7 6. e3 h6 7. Bh4 g5 8. Bg3
Ne4 9. Qc2 Nxg3 10. hxg3 Qf6 11. Be2 g4 12. Ne5 Bxg2 13. Rh2 Bf3 14. Bxf3 gxf3
15. Qe4 c6 16. O-O-O d5 17. Ng4 Qe7 18. Qe5 Rf8 19. Rxh6 Bxc3 20. bxc3 Qa3+ 21.
Kb1 Nd7 22. Qc7 Qa4 23. Rdh1 Qxc4 24. Rh8 Rxh8 25. Rxh8+ Ke7 26. Ne5 Qf1+
1/2-1/2

[Event "Outaouais-ch Reserve"]
[Site "Gatineau CAN"]
[Date "2023.03.28"]
[Round "1"]
[White "Marenger, Vincent"]
[Black "Chenard, Paul"]
[Result "1-0"]
[WhiteElo "1497"]
[BlackElo "918"]
[PlyCount "67"]
[EventDate "2023.03.28"]
[EventType "swiss"]
[EventRounds "7"]
[EventCountry "CAN"]

1. d4 d5 2. c4 Nf6 3. Nc3 c6 4. Nf3 Nbd7 5. Bf4 h6 6. g3 dxc4 7. e4 g5 8. Be3
Bg7 9. Bxc4 e6 10. Qe2 g4 11. Nd2 b5 12. Bb3 a6 13. e5 Nd5 14. Qxg4 Bf8 15.
Nxd5 cxd5 16. O-O f5 17. Qh5+ Ke7 18. Rfc1 Bb7 19. Nf3 Bg7 20. Nh4 Qg8 21. Ng6+
Kd8 22. Nxh8 Qxh8 23. Qf7 Bf8 24. Qxe6 Qh7 25. Bxd5 Bxd5 26. Qxd5 Qe7 27. Qxa8+
Nb8 28. Qxb8+ Kd7 29. Rc7+ Ke6 30. Rxe7+ Bxe7 31. Qb7 Kf7 32. d5 h5 33. d6 Ke8
34. Qxe7# 1-0

[Event "Outaouais-ch Reserve"]
[Site "Gatineau CAN"]
[Date "2023.03.28"]
[Round "1"]
[White "Marghetis, Aris"]
[Black "Poitras, Sylvain"]
[Result "1-0"]
[WhiteElo "1812"]
[BlackElo "1370"]
[PlyCount "101"]
[EventDate "2023.03.28"]
[EventType "swiss"]
[EventRounds "7"]
[EventCountry "CAN"]

1. e4 e6 2. d3 b6 3. Nf3 Bb7 4. Be2 d5 5. Nbd2 Ne7 6. b3 Nd7 7. Bb2 c5 8. O-O
Ng6 9. Re1 Bd6 10. exd5 Bxd5 11. Ne4 Be5 12. Nxe5 Ndxe5 13. Bh5 O-O 14. Qd2
Bxe4 15. Rxe4 Nd7 16. Bf3 Re8 17. Rae1 Nf6 18. Bxf6 Qxf6 19. Ra4 Rab8 20. Rxa7
Re7 21. Rxe7 Nxe7 22. a4 Nd5 23. Bxd5 exd5 24. Qe3 Kf8 25. Qe5 Qxe5 26. Rxe5 d4
27. Kf1 f6 28. Re4 Kf7 29. Ke1 f5 30. Re2 Kf6 31. Kd2 Ra8 32. Re1 g5 33. Rb1
Ke6 34. Ra1 Kd5 35. f3 b5 36. c4+ dxc3+ 37. Kxc3 bxa4 38. Rxa4 Rb8 39. Ra7 Rh8
40. Ra5 Rc8 41. d4 Kd6 42. dxc5+ Rxc5+ 43. Rxc5 Kxc5 44. g3 h6 45. h4 g4 46. f4
h5 47. b4+ Kd5 48. Kd3 Kd6 49. Kd4 Ke6 50. Kc5 Ke7 51. Kd5 1-0

[Event "Outaouais-ch Reserve"]
[Site "Gatineau CAN"]
[Date "2023.03.28"]
[Round "1"]
[White "Masse-Garneau, Anthony"]
[Black "Filion, Jean"]
[Result "1-0"]
[WhiteElo "1536"]
[BlackElo "1143"]
[PlyCount "101"]
[EventDate "2023.03.28"]
[EventType "swiss"]
[EventRounds "7"]
[EventCountry "CAN"]
[TimeControl "90+30"]

1. e4 e5 2. Nf3 Nc6 3. Bb5 Qf6 4. Nc3 Bc5 5. Nd5 Qd6 6. O-O Nf6 7. Nxf6+ Qxf6
8. c3 O-O 9. Bxc6 dxc6 10. d4 exd4 11. cxd4 Bb6 12. Qd3 Bg4 13. Ne5 Bc8 14. Be3
c5 15. dxc5 Qxe5 16. cxb6 axb6 17. Bd4 Qh5 18. Qc3 Qg6 19. Rfe1 c5 20. Be3 Bh3
21. Bg5 Qxg5 22. Qxh3 Rae8 23. Rad1 g6 24. Qb3 Re6 25. f3 Rd8 26. Rxd8+ Qxd8
27. Rd1 Qc7 28. Qd5 Re8 29. Qd6 Qxd6 30. Rxd6 Ra8 31. a3 Ra6 32. Kf2 b5 33. Rd7
b6 34. Ke3 g5 35. e5 b4 36. axb4 cxb4 37. Ke4 b5 38. Kf5 h6 39. Rd6 Ra7 40. Kf6
b3 41. Rd8+ Kh7 42. Rf8 b4 43. Rxf7+ Rxf7+ 44. Kxf7 h5 45. e6 g4 46. e7 gxf3
47. gxf3 h4 48. e8=Q Kh6 49. Kf6 Kh7 50. Qf7+ Kh8 51. Qg7# 1-0

[Event "Outaouais-ch Reserve"]
[Site "Gatineau CAN"]
[Date "2023.03.28"]
[Round "1"]
[White "Piche, Danielle"]
[Black "Blais, Robert"]
[Result "0-1"]
[WhiteElo "961"]
[BlackElo "1507"]
[PlyCount "60"]
[EventDate "2023.03.28"]
[EventType "swiss"]
[EventRounds "7"]
[EventCountry "CAN"]
[TimeControl "90+30"]

1. d4 d5 2. Bf4 Nf6 3. Nf3 Bf5 4. e3 e6 5. Nbd2 Bd6 6. Bg3 O-O 7. c3 Nc6 8. a3
a6 9. Be2 Re8 10. O-O Bxg3 11. hxg3 e5 12. Re1 e4 13. Ne5 Nxe5 14. dxe5 Rxe5
15. Qb3 b5 16. a4 c6 17. f4 exf3 18. gxf3 Rxe3 19. Nf1 Re7 20. Qb4 Qb6+ 21. Kh2
Rae8 22. g4 Rxe2+ 23. Rxe2 Rxe2+ 24. Kh3 Be6 25. Ng3 Rf2 26. Rf1 Rxf1 27. Nxf1
h5 28. Nh2 hxg4+ 29. fxg4 Qe3+ 30. Kh4 g5# 0-1

[Event "Outaouais-ch Reserve"]
[Site "Gatineau CAN"]
[Date "2023.03.28"]
[Round "1"]
[White "Seguin, Hubert"]
[Black "Boutin, Michel"]
[Result "1-0"]
[WhiteElo "1526"]
[BlackElo "1093"]
[PlyCount "41"]
[EventDate "2023.03.28"]
[EventType "swiss"]
[EventRounds "7"]
[EventCountry "CAN"]
[TimeControl "90+30"]

1. e4 e5 2. Nf3 Nc6 3. Bb5 Nd4 4. Nxd4 exd4 5. c3 a6 6. Ba4 b5 7. Bb3 Bc5 8.
Bxf7+ Kxf7 9. Qh5+ g6 10. Qxc5 Nf6 11. e5 Re8 12. O-O d6 13. Qxd4 Rxe5 14. d3
Qe8 15. Nd2 Re1 16. Nf3 Rxf1+ 17. Kxf1 Ng4 18. Ng5+ Ke7 19. Bf4 Kf8 20. Re1 c5
21. Qh8# 1-0

[Event "Outaouais-ch Reserve"]
[Site "Gatineau CAN"]
[Date "2023.03.28"]
[Round "1"]
[White "Villeneuve, Denis"]
[Black "Palsson, Halldor"]
[Result "0-1"]
[WhiteElo "1396"]
[BlackElo "1888"]
[PlyCount "78"]
[EventDate "2023.03.28"]
[EventType "swiss"]
[EventRounds "7"]
[EventCountry "CAN"]

1. e4 e6 2. d4 d5 3. e5 c5 4. c3 Nc6 5. Nf3 Qb6 6. Bd3 cxd4 7. O-O Bd7 8. h4 h6
9. a3 f5 10. Re1 g6 11. Bc2 dxc3 12. Nxc3 a6 13. b4 Rc8 14. Bb2 Nge7 15. Na4
Qc7 16. Bb3 Bg7 17. Rc1 O-O 18. Bd4 Qb8 19. Bc5 Rce8 20. Bd6 Qa7 21. Nc5 b6 22.
Nd3 Rf7 23. Nf4 Rc8 24. Nd4 Nxd4 25. Rxc8+ Nxc8 26. Nxg6 Nxb3 27. Qxb3 Nxd6 28.
exd6 Qb8 29. Ne7+ Kh7 30. Nxd5 Qxd6 31. Ne3 Qe7 32. Nd5 Qd6 33. Ne3 Re7 34. Rd1
Qf4 35. g3 Qf3 36. Rxd7 Rxd7 37. Qxe6 Rc7 38. a4 Rc1+ 39. Nf1 Qd3 0-1

[Event "Outaouais-ch Reserve"]
[Site "Gatineau CAN"]
[Date "2023.04.04"]
[Round "2"]
[White "Arcand, Pierre"]
[Black "Lavoie, Aren"]
[Result "0-1"]
[WhiteElo "1170"]
[BlackElo "1389"]
[PlyCount "108"]
[EventDate "2023.03.28"]
[EventType "swiss"]
[EventRounds "7"]
[EventCountry "CAN"]
[TimeControl "90+30"]

1. e4 e5 2. Nf3 Nc6 3. Bb5 a6 4. Bxc6 dxc6 5. h3 Bc5 6. Nc3 Qf6 7. d3 h6 8. Bd2
Be6 9. Qe2 O-O-O 10. Be3 Bb4 11. Bd2 Ne7 12. a3 Bc5 13. Be3 Bxe3 14. Qxe3 Kb8
15. O-O-O g5 16. g4 Ng6 17. Ne2 Rhe8 18. d4 Bc4 19. dxe5 Nxe5 20. Nxe5 Rxe5 21.
Rxd8+ Qxd8 22. Rd1 Qe7 23. Nc3 Re6 24. Qd4 b5 25. Qh8+ Kb7 26. Rd8 c5 27. b3 b4
28. axb4 cxb4 29. Nd5 Bxd5 30. exd5 Re1+ 31. Kb2 Qe5+ 32. Qxe5 Rxe5 33. Rd7 Kc8
34. Rxf7 Rxd5 35. Rf6 Rd6 36. Rxd6 cxd6 37. c3 a5 38. Kc2 Kd7 39. cxb4 axb4 40.
Kd3 d5 41. Kd4 Kd6 42. f3 Kc6 43. Ke5 Kc5 44. f4 gxf4 45. Kxf4 Kd4 46. g5 hxg5+
47. Kxg5 Ke3 48. h4 d4 49. h5 d3 50. h6 d2 51. h7 d1=Q 52. h8=Q Qd5+ 53. Kg4
Qd4+ 54. Kg3 Qxh8 0-1

[Event "Outaouais-ch Reserve"]
[Site "Gatineau CAN"]
[Date "2023.04.04"]
[Round "2"]
[White "Bastien, Andre"]
[Black "Arvisais, Eric"]
[Result "1-0"]
[WhiteElo "1757"]
[BlackElo "1204"]
[PlyCount "89"]
[EventDate "2023.03.28"]
[EventType "swiss"]
[EventRounds "7"]
[EventCountry "CAN"]
[TimeControl "90+30"]

1. d4 d5 2. Nf3 Nf6 3. g3 c5 4. Bg2 Nc6 5. O-O Bg4 6. c3 Bxf3 7. Bxf3 h6 8. Qb3
Qd7 9. Rd1 e6 10. Bf4 c4 11. Qb5 Bd6 12. Bxd6 Qxd6 13. b3 cxb3 14. axb3 Qc7 15.
Qc5 Nd7 16. Qa3 b5 17. e4 Ne7 18. exd5 exd5 19. Re1 Nf6 20. c4 Kd8 21. Nc3 bxc4
22. bxc4 Qd7 23. Qa5+ Ke8 24. Bxd5 Rd8 25. Qxa7 Kf8 26. Qc5 Rc8 27. Qb4 h5 28.
Re2 Re8 29. Raa2 Qh3 30. Bg2 Qf5 31. Ra7 Ng4 32. Rea2 h4 33. Rxe7 Qc8 34. Rc7+
Kg8 35. Rxc8 Rxc8 36. Qb7 Re8 37. Ra8 Kh7 38. Rxe8 Rxe8 39. Be4+ Kg8 40. f3 Ne3
41. Bd5 Rf8 42. Ne4 Nf5 43. Ng5 Nd6 44. Qd7 Ne8 45. Bxf7+ 1-0

[Event "Outaouais-ch Reserve"]
[Site "Gatineau CAN"]
[Date "2023.04.04"]
[Round "2"]
[White "Blais, Robert"]
[Black "Chacon, Jose"]
[Result "0-1"]
[WhiteElo "1507"]
[BlackElo "1585"]
[PlyCount "33"]
[EventDate "2023.03.28"]
[EventType "swiss"]
[EventRounds "7"]
[EventCountry "CAN"]
[TimeControl "90+30"]

1. d4 Nf6 2. c4 e5 3. d5 Bc5 4. Nc3 O-O 5. Bg5 Bxf2+ 6. Kxf2 Ng4+ 7. Ke1 Qxg5
8. Nf3 Qh5 9. e4 d6 10. Be2 Ne3 11. Qd2 Nxg2+ 12. Kd1 Nf4 13. Rg1 Bg4 14. Rg3
f5 15. exf5 Rxf5 16. Kc2 Nxe2 17. Rag1 0-1

[Event "Outaouais-ch Reserve"]
[Site "Gatineau CAN"]
[Date "2023.04.04"]
[Round "2"]
[White "Chartrand, Alexis"]
[Black "Elsayed, Ahmed"]
[Result "0-1"]
[WhiteElo "1158"]
[BlackElo "2029"]
[PlyCount "72"]
[EventDate "2023.03.28"]
[EventType "swiss"]
[EventRounds "7"]
[EventCountry "CAN"]
[TimeControl "90+30"]

1. d4 d5 2. c4 e6 3. Nf3 Nf6 4. Nc3 Nc6 5. Bg5 Be7 6. e3 h6 7. Bh4 a6 8. Be2
O-O 9. O-O dxc4 10. Bxc4 b5 11. Be2 Bb7 12. Ne5 Nxe5 13. Bxf6 Bxf6 14. dxe5
Bxe5 15. Bf3 Qxd1 16. Nxd1 Bxf3 17. gxf3 g5 18. Rb1 Rfd8 19. Nc3 Bxc3 20. bxc3
Rd2 21. a4 c6 22. axb5 axb5 23. c4 bxc4 24. Rbc1 Ra4 25. Rfd1 c3 26. Rxd2 cxd2
27. Rd1 Ra2 28. Kf1 Kg7 29. Ke2 Kg6 30. f4 gxf4 31. exf4 Kh5 32. Kd3 Kg4 33.
Kc3 Kf3 34. Kb3 Ke2 35. Rb1 Ra5 36. Kb4 Rb5+ 0-1

[Event "Outaouais-ch Reserve"]
[Site "Gatineau CAN"]
[Date "2023.04.04"]
[Round "2"]
[White "De Carufel-Lebeau, Lucas"]
[Black "Cotillard, Tristan"]
[Result "0-1"]
[WhiteElo "1232"]
[BlackElo "1632"]
[PlyCount "60"]
[EventDate "2023.03.28"]
[EventType "swiss"]
[EventRounds "7"]
[EventCountry "CAN"]
[TimeControl "90+30"]

1. e4 c6 2. d4 d5 3. exd5 cxd5 4. Bd3 Nc6 5. c3 Qc7 6. Nf3 Bg4 7. Nbd2 e6 8. a3
Bd6 9. h3 Bh5 10. c4 Nxd4 11. Qa4+ Qc6 12. Qxc6+ Nxc6 13. cxd5 exd5 14. g4 Bg6
15. Bxg6 hxg6 16. b4 Rc8 17. Bb2 f6 18. g5 Ne5 19. Nxe5 Bxe5 20. Bxe5 fxe5 21.
f3 Rc3 22. Kd1 Kd7 23. Rc1 Rxa3 24. h4 Ne7 25. Ke2 Nf5 26. Kf2 Rxh4 27. Rxh4
Nxh4 28. Rh1 Nf5 29. Rh8 Ra2 30. Ke2 Rb2 0-1

[Event "Outaouais-ch Reserve"]
[Site "Gatineau CAN"]
[Date "2023.04.04"]
[Round "2"]
[White "Filion, Jean"]
[Black "Bolduc, Christian"]
[Result "1-0"]
[WhiteElo "1143"]
[BlackElo "1225"]
[PlyCount "93"]
[EventDate "2023.03.28"]
[EventType "swiss"]
[EventRounds "7"]
[EventCountry "CAN"]
[TimeControl "90+30"]

1. e4 e5 2. Bc4 Nf6 3. Qf3 Nc6 4. Ne2 Bc5 5. Qb3 O-O 6. Qg3 Nxe4 7. Qg4 Nd6 8.
d3 Nxc4 9. Bh6 Qf6 10. Bxg7 Qxg7 11. Qxc4 d6 12. O-O Bh3 13. Qe4 Nb4 14. Na3 f5
15. Qf3 e4 16. Qxh3 Qxb2 17. Nf4 Rf6 18. Qg3+ Kh8 19. dxe4 Rg8 20. Qb3 Qxb3 21.
axb3 Nc6 22. exf5 Rxf5 23. Nd3 Bd4 24. Rad1 a6 25. Nc4 Ne7 26. Nb4 Bc5 27. Nd3
Ng6 28. Nxc5 dxc5 29. Ne3 Rff8 30. Rd7 Rg7 31. Rxg7 Kxg7 32. Rd1 Nf4 33. Rd7+
Kg8 34. Rxc7 b6 35. Kf1 a5 36. Rb7 Rf6 37. Ng4 Rf7 38. Nh6+ Kg7 39. Rxf7+ Kxh6
40. Rxf4 b5 41. Rf6+ Kg7 42. Ra6 a4 43. Ra5 axb3 44. cxb3 c4 45. bxc4 bxc4 46.
Rc5 h5 47. Rxh5 1-0

[Event "Outaouais-ch Reserve"]
[Site "Gatineau CAN"]
[Date "2023.04.04"]
[Round "2"]
[White "Filion, Samuel"]
[Black "Brault, Jean-Francois"]
[Result "0-1"]
[WhiteElo "1492"]
[BlackElo "1558"]
[PlyCount "88"]
[EventDate "2023.03.28"]
[EventType "swiss"]
[EventRounds "7"]
[EventCountry "CAN"]
[TimeControl "90+30"]

1. e4 c5 2. Nf3 Nc6 3. d4 cxd4 4. Nxd4 g6 5. Bb5 Bg7 6. c3 Qb6 7. Bxc6 bxc6 8.
O-O d6 9. Nb3 Nf6 10. Be3 Qc7 11. f3 O-O 12. Re1 Nd7 13. N1d2 Ba6 14. Nf1 Ne5
15. Qc1 Nd3 16. Qd2 Nxe1 17. Rxe1 Bxf1 18. Kxf1 Rfe8 19. Bf4 c5 20. Rd1 Rad8
21. Qf2 Qb6 22. Be3 Qa6+ 23. Qe2 Qxe2+ 24. Kxe2 Rb8 25. Rd2 Rb6 26. Kd1 Reb8
27. Kc1 Rb5 28. Rc2 a5 29. a4 Rxb3 30. g4 Bd4 31. Bh6 Be5 32. f4 Bf6 33. f5 g5
34. Rd2 Rd8 35. e5 Bxe5 36. Bxg5 f6 37. Be3 Rd7 38. Kc2 Rdb7 39. Kc1 Bxc3 40.
bxc3 Rxc3+ 41. Rc2 Rxe3 42. Rc4 Rb4 43. Rxb4 axb4 44. Kb2 Ra3 0-1

[Event "Outaouais-ch Reserve"]
[Site "Gatineau CAN"]
[Date "2023.04.04"]
[Round "2"]
[White "Labelle, Raymond"]
[Black "Marghetis, Aris"]
[Result "0-1"]
[WhiteElo "1533"]
[BlackElo "1812"]
[PlyCount "82"]
[EventDate "2023.03.28"]
[EventType "swiss"]
[EventRounds "7"]
[EventCountry "CAN"]
[TimeControl "90+30"]

1. e4 g6 2. d4 Bg7 3. Nf3 d6 4. h3 Nf6 5. Bd3 Nbd7 6. Nc3 c6 7. a4 O-O 8. Be3
a6 9. O-O Re8 10. Qd2 e5 11. Bg5 exd4 12. Nxd4 Qb6 13. Be3 Qc7 14. Nce2 Nxe4
15. Bxe4 Rxe4 16. Ng3 Re8 17. c3 Ne5 18. b3 c5 19. Nde2 Be6 20. Rab1 Rad8 21.
Nf4 Re7 22. Nxe6 Rxe6 23. Ne2 d5 24. Nf4 Red6 25. Rfc1 b6 26. Ne2 Qd7 27. Bf4
Qf5 28. Ng3 Qd7 29. Re1 f6 30. Qc1 Nd3 31. Qd2 Nxe1 32. Bxd6 Nf3+ 33. gxf3 Qxd6
34. Rd1 f5 35. Re1 Be5 36. Ne2 Qf6 37. f4 Bc7 38. Kg2 Qd6 39. Kf3 Re8 40. Rg1
Qe6 41. h4 Qe4+ 0-1